| 000 | 01109nas a2200313 i 4500 | ||
|---|---|---|---|
| 001 | 1246 | ||
| 003 | ES-MaACL | ||
| 005 | 20250721062534.0 | ||
| 007 | t| | ||
| 008 | 950801c1986 sp a| | 1 ||pa d | ||
| 080 | _a(460) | ||
| 080 | _a33 | ||
| 245 | 0 | 0 | _aInforme de la OCDE sobre la economía española. |
| 246 | 1 | 3 | _aApuntes y documentos económicos. Estudios económicos de la OCDE |
| 246 | 1 | 3 | _aEstudios económicos de la OCDE. España |
| 260 |
_aMadrid : _bMinisterio de Economía y Hacienda, _c1986- |
||
| 300 |
_a1 v. ; _c27 cm. |
||
| 310 | _aAnual | ||
| 362 | 0 | _a1986- | |
| 500 | _aEs traducción del editado por la OCDE. | ||
| 650 | 1 | 7 |
_aEconomía _2embne _912006 |
| 655 | 7 |
_2tgfbne _9226866 _aRevistas |
|
| 710 | 1 |
_aEspaña. _bMinisterio de Economía y Hacienda. _93856 |
|
| 852 |
_aES-MaACL _jHem-1978 _zExpurgado marzo 2025: posterior 1958; sin encuadernar; en acceso abierto |
||
| 856 |
_uhttps://www.oecd.org/es/topics/sub-issues/economic-surveys/spain-economic-snapshot.html _yOCDE |
||
| 866 | 0 | _o1988-90,1992-94,1996. | |
| 942 | _2udc | ||
| 999 |
_c1246 _d1246 |
||